| 000 | 00684nam 22002053 4500 | ||
|---|---|---|---|
| 001 | 200075 | ||
| 010 | _a972-8029-23-3 | ||
| 021 |
_aPT _b127717/98 |
||
| 090 | _a200075 | ||
| 100 | _a20260121d u||y0pory50 ba | ||
| 200 |
_aÁgua: desenvolvimento e bem-estar _fCarminda Cavaco, José Manuel Simões |
||
| 210 |
_aLisboa _cMinistério da Agricultura, do Desenvolvimento Rural e das Pescas _d1998 |
||
| 215 |
_a237 p. _cil. ; encadernado _d31 cm |
||
| 606 |
_aCiências da terra. Ciências geológicas _915715 |
||
| 675 |
_a55 _vPT _zpor |
||
| 700 |
_912033 _aCavaco _bCarminda _f1938 - |
||
| 701 |
_915875 _aSimões _bJosé Manuel |
||
| 801 |
_aPT _bBMMN _gRPC |
||
| 830 | _cVanda | ||
| 990 | _cLIVROS | ||